000 00782cab a2200277 4500
001 ABS67593
008 040329n2004 000 0 eng u
035 _a(Sirsi) u125621
245 _aFocus 1: MIPIM
260 _c2004
490 _aEstates Gazette
_v 6 March 2004, 81-103(14)
590 _aABS
650 _aMIPIM
650 _aAMSTERDAM
650 _aFRANCE
650 _aCANNES
650 _aPARIS
650 _aBRUSSELS
650 _aEUROPE
650 _aFOREIGN INVESTORS
650 _aPROPERTY-COMMERCIAL PROPERTY-OFFICE PROPERTY-OFFICE PROPERTY MARKET
650 _aPROPERTY-COMMERCIAL PROPERTY-RETAIL PROPERTY-RETAIL PROPERTY MARKET
650 _aINDUSTRIAL MARKET
690 _aPROPERTY-COMMERCIAL PROPERTY-COMMERCIAL PROPERTY MARKET
942 _n0
999 _c74312
_d74312